00417 2200145 4500001002100000008004100021035002000062245005000082100002600132260003700158300001400195082001800209650003100227990001300258INLIS000000000001683 ind  a0010-0423001683 aSANGKURIANG ASAL MULA GUNUNG TANGKUBAN PERAHU aYUDHISTIRA IKRANEGARA aSURABAYAbCV CAHAYA AGENCYc2010 ahlm.ccm. a398.395 98 24 aCERITA RAKYAT - JAWA BARAT a102083-1